The economics of the sulfuric acid industry /

Bibliographic Details
Main Author: Kreps, Theodore John, 1897-
Corporate Author: Leland Stanford Junior University. Graduate School of Business
Format: Book
Language:English
Published: Stanford University, Calif. : London : Stanford University Press; H. Milford, Oxford University Press, [1938]
Series:Stanford business series.
Subjects:

MARC

Tag First Indicator Second Indicator Subfields
LEADER 00000cam a2200000 4500
001 in00000053843
005 20151008050905.0
008 721108s1938 cau b 00000 eng u
010 |a  38002724  
035 |a (OCoLC)00490308 
035 |9 AAG4081AM 
040 |c CSU  |d TXA  |d UtOrBLW 
049 |a TXAM  |c [174756] 
050 0 |a HD9660.S79  |b K7 
082 0 |a 338.4 
092 |a 338.4  |b K92e 
100 1 |a Kreps, Theodore John,  |d 1897- 
245 1 4 |a The economics of the sulfuric acid industry /  |c by Theodore J. Kreps. 
264 1 |a Stanford University, Calif. :  |b Stanford University Press;  |a London :  |b H. Milford, Oxford University Press,  |c [1938] 
264 4 |c [©1938] 
300 |a xiii,284p :  |b incl.illus.,tables. 2 plates,diagrams(1 folded) ;  |c 23cm. 
336 |a text  |b txt  |2 rdacontent 
337 |a unmediated  |b n  |2 rdamedia 
338 |a volume  |b nc  |2 rdacarrier 
490 1 |a Stanford business series 
500 |a "This monograph is the first of a series of four volumes now contemplated in the field of chemical economics."- Pref. 
504 |a Bibliography: pages 273-275. 
650 0 |a Sulfuric acid. 
650 0 |a Competition. 
710 2 |a Leland Stanford Junior University.  |b Graduate School of Business. 
830 0 |a Stanford business series. 
999 |a MARS 
999 f f |s 7f0ceaa1-1361-33ea-8428-0acf23a651f6  |i aaa8866a-6f62-3933-8572-f7faebc0c001  |t 0 
952 f f |p ric  |a Texas A&M University  |b Rellis Campus  |c Joint Library Facility  |d Remote Storage  |t 0  |e HD9660.S79 K7  |h Library of Congress classification  |i unmediated -- volume  |m A14800764708 
998 f f |a HD9660.S79 K7  |t 0  |l Remote Storage